|
|
|
|
| LEADER |
01427cam a2200289 a 4500 |
| 001 |
00335702 |
| 003 |
GR-PaULI |
| 008 |
070514s2007 gr b 000 0 eng d |
| 020 |
|
|
|a 084938771X
|
| 040 |
|
|
|a GrPaTEI
|b gre
|c GR-PaULI
|
| 082 |
|
0 |
|a 005.8
|2 21
|
| 084 |
|
|
|a ΠΛΗ 35
|
| 245 |
0 |
0 |
|a Wireless security and cryptography :
|b specifications and implementations /
|c edited by Nicolas Sklavos, Xinmiao Zhang.
|
| 260 |
|
|
|a Boca Raton :
|b CRC Press/Taylor and Francis,
|c c2007.
|
| 300 |
|
|
|a 400 σ. :
|b πίν., σχήμ. ;
|c 25 εκ.
|
| 504 |
|
|
|a Ευρετήριο: σ. 389-400.
|
| 504 |
|
|
|a Περιλαμβάνει βιβλιογραφικές αναφορές.
|
| 650 |
|
0 |
|a Cryptography
|
| 650 |
|
4 |
|a Προστασία και ασφάλεια συστημάτων υπολογιστών
|x ΠΛΗ 35
|
| 650 |
1 |
0 |
|a Wireless communication systems
|x Security measures
|
| 700 |
1 |
|
|a Zhang, Xinmiao
|
| 700 |
1 |
|
|a Σκλάβος, Νικόλας
|
| 942 |
|
|
|2 ddc
|
| 952 |
|
|
|0 0
|1 0
|2 ddc
|4 0
|6 005_800000000000000_WIR
|7 0
|9 250749
|a LISK-2
|b LISK-2
|c BSC
|d 2021-01-17
|e 24
|f 0
|g 0.00
|l 0
|o 005.8 WIR
|p 99243000008658
|r 2021-01-17 00:00:00
|t 1
|w 2021-01-17
|y BK15
|x GrPaTEI - Antirrio
|
| 952 |
|
|
|0 0
|1 0
|2 ddc
|4 0
|6 005_800000000000000_WIR
|7 0
|9 250750
|a LISK-2
|b LISK-2
|c BSC
|d 2021-01-17
|e 24
|f 0
|g 0.00
|l 0
|o 005.8 WIR
|p 99243000008659
|r 2021-01-17 00:00:00
|t 1
|w 2021-01-17
|y BK15
|x GrPaTEI - Antirrio
|
| 971 |
|
|
|a .b12646891
|b 24-09-20
|c 28-08-15
|
| 999 |
|
|
|c 148827
|d 148827
|